000 00252nam a22001097a 4500
008 170112b xxu||||| |||| 00| 0 eng d
020 _a9781582552705
041 _aeng
080 _a618.2
245 _aPSYCHIATRIC NURSING
_cLIPPINCOT, W
942 _2udc
_cBK
999 _c2823
_d2823